000 00487pab a2200181 454500
008 180718b2014 xxu||||| |||| 00| 0 eng d
100 _aTripathi, Jitendra Kumar
245 _aRole of federal councils in promotion of social science research in India : The case of the ICSSR
260 _c2014
300 _ap.8-11,21.
362 _a17 Mar
650 _aResearch
650 _aICSSR
650 _aSocial research
773 _aUniversity News
908 _aN
909 _a103512
999 _c103508
_d103508